000 00626npc a2200205Ia 4500
001 dp5/21-44919
003 IT-MiCISF
008 161014s9999||||xx | und||
040 _aIT-MiCISF
_cIT-MiCISF
041 _ait
100 _aScattolini Antonio (a cura di)
245 0 _aUn regalo per te
_bItinerario per l'iniziazione cristiana con le famiglie. Schede II anno
250 _a1a ed.
260 _aBologna
_bDehoniane
_c2007
300 _app. 57
500 _a / pastorale-familiare, pastorale-sacramenti, progetto, catechesi /
650 _apastorale-familiare
942 _cDD
957 _71
999 _a44919
_bsi
_g1
_c206536
_d206536